Catalog

Record Details

Catalog Search



Available copies

  • 0 of 1 copy available at LARL/NWRL Consortium.
  • 0 of 1 copy available at Lake Agassiz Regional Library. (Show preferred library)

Current holds

0 current holds with 1 total copy.

Show Only Available Copies
Location Call Number / Copy Notes Barcode Shelving Location Status Due Date
Moorhead Public Library E 581.7 SPI (Text) 33500009208901 Main Checked out 07/27/2026

Record details

  • ISBN: 1403473625 (library binding-hardcover)
  • ISBN: 9781403473622 (library binding-hardcover)
  • ISBN: 1403473676 (pbk.)
  • ISBN: 9781403473677 (pbk.)
  • Physical Description: 32 p. : col. ill., col. maps ; 23 cm.
  • Publisher: Chicago, Ill. : Heinemann Library, c2006.

Content descriptions

Bibliography, etc. Note:
Includes bibliographical references (p. 31).
Formatted Contents Note:
Where do plants grow? -- Grassland -- Scrubland -- ... Read More
Subject: Plant ecophysiology > Juvenile literature.
LDR 01565cam a22003614a 4500
00178585
003LARL_NWRL_CONSORTIUM
00520070327094335.0
008050303s2006 iluab j b 001 0 eng
020 . ‡a1403473625 (library binding-hardcover)
020 . ‡a9781403473622 (library binding-hardcover)
020 . ‡a1403473676 (pbk.)
020 . ‡a9781403473677 (pbk.)
035 . ‡a(OCoLC)58431718
042 . ‡apcc
08200. ‡a581.7 ‡222
1001 . ‡aSpilsbury, Louise. ‡0(LARL_NWRL_CONSORTIUM)188832
24510. ‡aWhere do plants grow? / ‡cLouise and Richard Spilsbury.
260 . ‡aChicago, Ill. : ‡bHeinemann Library, ‡cc2006.
300 . ‡a32 p. : ‡bcol. ill., col. maps ; ‡c23 cm.
4900 . ‡aWorld of plants
504 . ‡aIncludes bibliographical references (p. 31).
5050 . ‡aWhere do plants grow? -- Grassland -- Scrubland -- Hot, dry deserts -- Rain forests -- Broadleaf forests -- Conifer forests -- Cold, dry places -- Rivers and ponds -- Coasts -- Fields and farms -- Towns and cities -- Try it yourself! -- Amazing plants!
650 0. ‡aPlant ecophysiology ‡vJuvenile literature.
7001 . ‡aSpilsbury, Richard, ‡d1963- ‡0(LARL_NWRL_CONSORTIUM)201827
901 . ‡a78585 ‡bOCLC ‡c78585 ‡tbiblio

Additional Resources